[Event "Veletrzni turnaj 2020"]
[Site "Brno"]
[Date "2020.08.25"]
[Round "4.5"]
[White "Barak, David"]
[Black "Rehurek, Karel"]
[Result "1-0"]
[WhiteElo "2098"]
[BlackElo "1755"]
[PlyCount "61"]
[EventDate "2020.08.23"]

1. d4 Nf6 2. c4 g6 3. Nc3 d5 4. cxd5 Nxd5 5. e4 Nxc3 6. bxc3 Bg7 7. Nf3 c5 8.
Rb1 O-O 9. Be2 Nc6 10. d5 Bxc3+ 11. Bd2 Bxd2+ 12. Qxd2 Nd4 13. Nxd4 cxd4 14.
Qxd4 b6 15. O-O Bb7 16. Rfd1 Rc8 17. Qa4 Ra8 18. Bg4 Qd6 19. Rbc1 Rfd8 20. Qc4
f5 21. exf5 Rac8 22. Qe2 Rxc1 23. Rxc1 Qxd5 24. Bf3 Qd7 25. Bxb7 Qxb7 26. Qe6+
Kg7 27. fxg6 hxg6 28. Qe5+ Kg8 29. h3 Qd5 30. Qxe7 Rd7 31. Rc8+ 1-0

[Event "Veletrzni turnaj 2020"]
[Site "Brno"]
[Date "2020.08.25"]
[Round "4.6"]
[White "Dvorakova, Olga"]
[Black "Pokorny, Petr"]
[Result "0-1"]
[WhiteElo "1758"]
[BlackElo "2215"]
[PlyCount "82"]
[EventDate "2020.08.23"]

1. d4 d5 2. c4 e6 3. Nc3 c6 4. e3 f5 5. Bd3 Nf6 6. b3 Ne4 7. Bb2 Qg5 8. g3 Nd7
9. Nf3 Qh5 10. Be2 Qh3 11. Bf1 Qh6 12. Bg2 Bd6 13. O-O O-O 14. Ne2 Ndf6 15. Ne5
Bd7 16. Qd3 Be8 17. Nf4 Nd7 18. Qe2 Nxe5 19. dxe5 Be7 20. a3 g5 21. Nd3 Bh5 22.
Qc2 Rac8 23. Rfe1 Nc5 24. Rac1 f4 25. exf4 Bg6 26. Bf1 gxf4 27. b4 fxg3 28.
hxg3 Be4 29. Rxe4 Nxe4 30. cxd5 exd5 31. Bg2 Ng5 32. Nf4 Ne6 33. Nxe6 Qxe6 34.
Qe2 Rce8 35. Qh5 Qg6 36. Qe2 Bd8 37. b5 Bb6 38. Rf1 Qxg3 39. bxc6 Rxf2 40. Rxf2
Rf8 41. cxb7 Bxf2+ 0-1

[Event "Veletrzni turnaj 2020"]
[Site "Brno"]
[Date "2020.08.25"]
[Round "4.7"]
[White "Nekvasil, Radek"]
[Black "Mares, Jaroslav"]
[Result "0-1"]
[WhiteElo "1735"]
[BlackElo "1947"]
[PlyCount "92"]
[EventDate "2020.08.23"]

1. b4 e5 2. Bb2 Bxb4 3. Bxe5 Nf6 4. c4 O-O 5. Qb3 Nc6 6. Nf3 Re8 7. Nc3 Nxe5 8.
Nxe5 Bxc3 9. Qxc3 d5 10. d4 c5 11. e3 cxd4 12. exd4 Ne4 13. Qb2 f6 14. cxd5
Qa5+ 15. Kd1 fxe5 16. f3 Nc3+ 17. Kc2 Bf5+ 18. Bd3 Bxd3+ 19. Kxd3 exd4 20. a4
Qxd5 21. Rhe1 Rac8 22. Qb4 a5 23. Rxe8+ Rxe8 24. Qxd4 Rd8 25. Qxd5+ Nxd5 26.
Kc4 b6 27. Ra2 Nc7 28. Rb2 Rd6 29. g4 Kf7 30. f4 Rc6+ 31. Kd4 Ke6 32. h4 Kd6
33. f5 Na6 34. Re2 Nc5 35. h5 h6 36. Kc4 Nxa4+ 37. Kb3 Nc5+ 38. Kc4 b5+ 39.
Kxb5 a4 40. Re3 Rc7 41. Ra3 Rb7+ 42. Kc4 Rb3 43. Rxa4 Nxa4 44. Kxb3 Nc5+ 45.
Kc4 Ne4 46. Kd4 Ng5 0-1

[Event "Veletrzni turnaj 2020"]
[Site "Brno"]
[Date "2020.08.25"]
[Round "4.8"]
[White "Sikora, Lukas"]
[Black "Vaculik, Martin"]
[Result "1/2-1/2"]
[WhiteElo "1946"]
[BlackElo "1795"]
[PlyCount "70"]
[EventDate "2020.08.23"]

1. d4 Nf6 2. c4 c5 3. d5 e6 4. Nc3 exd5 5. cxd5 d6 6. Nf3 g6 7. h3 Bg7 8. e4
O-O 9. Be2 Re8 10. Qc2 Qe7 11. Bf4 Nxe4 12. Nxe4 Qxe4 13. Qxe4 Rxe4 14. Bxd6
Bxb2 15. Rb1 Bc3+ 16. Kd1 b6 17. Bd3 Ra4 18. Kc2 Bb4 19. Rb2 Bb7 20. Bb5 Ra3
21. Rd1 Ba6 22. Rxb4 cxb4 23. Be8 Rxa2+ 24. Kb3 Re2 25. Re1 Rxe1 26. Nxe1 Be2
27. Bxb4 a5 28. Be7 Na6 29. Bc6 Rc8 30. Ka3 Nb4 31. Bxb4 axb4+ 32. Kxb4 Bf1 33.
g3 Kf8 34. Nc2 Bg2 35. Ne3 Rxc6 1/2-1/2

[Event "Veletrzni turnaj 2020"]
[Site "Brno"]
[Date "2020.08.25"]
[Round "4.9"]
[White "Marsa, Alexandr"]
[Black "Dvoracek, Jan Matyas"]
[Result "1/2-1/2"]
[WhiteElo "1871"]
[BlackElo "1761"]
[PlyCount "49"]
[EventDate "2020.08.23"]

1. d4 Nf6 2. c4 g6 3. Nc3 Bg7 4. e4 d6 5. Be2 O-O 6. Be3 e5 7. d5 a5 8. g4 Na6
9. h4 Nc5 10. f3 Ne8 11. h5 g5 12. h6 Bh8 13. Nh3 f6 14. Nf2 b6 15. Nd3 Ba6 16.
Nxc5 dxc5 17. Nb5 Bxb5 18. cxb5 Nd6 19. a4 Qe7 20. Rc1 Rfd8 21. Rc3 Qf8 22. Qc1
Rd7 23. Bc4 Qe7 24. Ke2 Kf8 25. Ba2 1/2-1/2

[Event "Veletrzni turnaj 2020"]
[Site "Brno"]
[Date "2020.08.25"]
[Round "4.10"]
[White "Zuziak, Petr"]
[Black "Vavrinkova, Anna"]
[Result "0-1"]
[WhiteElo "1861"]
[BlackElo "1657"]
[PlyCount "62"]
[EventDate "2020.08.23"]

1. d4 d5 2. Bg5 Nf6 3. Bxf6 exf6 4. c4 c6 5. Nc3 Be6 6. Qb3 Qd7 7. e3 a6 8. c5
Bxc5 9. dxc5 d4 10. Bc4 dxc3 11. Rd1 Bxc4 12. Qxc4 cxb2 13. Rxd7 b1=Q+ 14. Rd1
Qf5 15. Qb4 Qc8 16. Rb1 Nd7 17. Qe4+ Kf8 18. Nf3 g6 19. O-O Kg7 20. Qb4 Rb8 21.
Rfd1 Qc7 22. Qc4 Rhd8 23. g3 Ne5 24. Nxe5 fxe5 25. a4 Rxd1+ 26. Rxd1 Rd8 27.
Rb1 Rd5 28. Qb4 Qd7 29. a5 Rd2 30. Qxb7 Rd1+ 31. Rxd1 Qxb7 0-1

[Event "Veletrzni turnaj 2020"]
[Site "Brno"]
[Date "2020.08.25"]
[Round "4.11"]
[White "Prokop, Jiri"]
[Black "Mencik, Pavel"]
[Result "1-0"]
[WhiteElo "1680"]
[BlackElo "1853"]
[PlyCount "139"]
[EventDate "2020.08.23"]

1. f4 Nh6 2. d4 d5 3. Nf3 g6 4. e3 Bg7 5. Be2 Bg4 6. O-O Nd7 7. c4 e6 8. Nc3
dxc4 9. Qa4 O-O 10. Qxc4 Nb6 11. Qb3 c6 12. a4 Qe7 13. Bd2 Nf5 14. Rfe1 Rad8
15. a5 Nd5 16. Nxd5 exd5 17. Ne5 Bxe2 18. Bb4 Qh4 19. Bxf8 Bc4 20. Qxb7 Rxf8
21. Nxc4 dxc4 22. a6 Nxe3 23. g3 Qh3 24. Rxe3 Bxd4 25. Qe7 Rb8 26. Rd1 c5 27.
Rxd4 cxd4 28. Qxa7 Rd8 29. Qb6 Qd7 30. Re1 d3 31. Rd1 d2 32. Qe3 Qa4 33. Rxd2
Rxd2 34. Qxd2 Qxa6 35. Qd8+ Kg7 36. Qd4+ Qf6 37. Qxf6+ Kxf6 38. Kf2 Ke6 39. Ke3
Kd5 40. h3 f6 41. g4 g5 42. f5 h6 43. Kd2 Kc5 44. Kc3 Kd5 45. b4 cxb3 46. Kxb3
Kd4 47. Kb4 Kd5 48. Kb5 Kd6 49. Kb6 Kd7 50. Kb7 Kd6 51. Kb6 Kd7 52. Kb7 Kd6 53.
Kc8 Ke5 54. Kd7 h5 55. Ke7 hxg4 56. hxg4 Kf4 57. Kxf6 Kxg4 58. Ke6 Kh3 59. f6
g4 60. f7 g3 61. f8=Q g2 62. Qf3+ Kh2 63. Qf4+ Kh1 64. Qh4+ Kg1 65. Kf5 Kf1 66.
Qf4+ Kg1 67. Ke4 Kh1 68. Qh4+ Kg1 69. Kf3 Kf1 70. Qf2# 1-0

[Event "Veletrzni turnaj 2020"]
[Site "Brno"]
[Date "2020.08.25"]
[Round "4.12"]
[White "Simbera, Jiri"]
[Black "Hradek, Matyas"]
[Result "1-0"]
[WhiteElo "2038"]
[BlackElo "1578"]
[PlyCount "105"]
[EventDate "2020.08.23"]

1. f4 d5 2. Nf3 Nf6 3. e3 g6 4. b4 Bg7 5. Bb2 O-O 6. Be2 a6 7. a4 Nc6 8. b5
axb5 9. axb5 Rxa1 10. Bxa1 Na5 11. Bc3 Nc4 12. Ne5 Nd6 13. Qc1 e6 14. O-O Nd7
15. Nf3 Nb6 16. Bxg7 Kxg7 17. d3 Nf5 18. Re1 f6 19. g4 Nh6 20. h3 f5 21. Qb2+
Kg8 22. g5 Nf7 23. c4 dxc4 24. dxc4 Qe7 25. Qa3 Qxa3 26. Nxa3 Re8 27. c5 Nd5
28. Bc4 c6 29. Kf2 Kf8 30. Bxd5 exd5 31. Nd4 Bd7 32. bxc6 Bxc6 33. Nac2 Rc8 34.
Nb4 Nd8 35. Rc1 Rc7 36. Nd3 Ke7 37. Ra1 Ne6 38. Ra7 Nxd4 39. exd4 Be8 40. Nb4
Rd7 41. Ra8 Kf7 42. Nd3 Ke7 43. Rc8 Rd8 44. Rxd8 Kxd8 45. Nb4 Bc6 46. Ke3 Kc7
47. Kd2 Kc8 48. Kc3 Kc7 49. Nd3 Be8 50. Kb4 Kb8 51. Ka5 Ka7 52. Nb4 Bc6 53. h4
1-0

[Event "Veletrzni turnaj 2020"]
[Site "Brno"]
[Date "2020.08.25"]
[Round "4.13"]
[White "Kacalek, Tomas"]
[Black "Pokladnik, Martin"]
[Result "0-1"]
[WhiteElo "1589"]
[BlackElo "2001"]
[PlyCount "108"]
[EventDate "2020.08.23"]

1. d4 Nf6 2. c4 g6 3. Nc3 Bg7 4. e4 d6 5. Nf3 O-O 6. Be2 Nc6 7. O-O e5 8. d5
Ne7 9. h3 a5 10. Be3 Ne8 11. Nd2 f5 12. f3 Nf6 13. Rb1 Nh5 14. Bf2 Nf4 15. c5
Nxe2+ 16. Qxe2 c6 17. Nc4 cxd5 18. Nxd6 d4 19. Nd5 Nxd5 20. exd5 b6 21. Nb5 Ba6
22. d6 bxc5 23. Qc4+ Kh8 24. Qxc5 Bxb5 25. Qxb5 Qxd6 26. Rfd1 Rfb8 27. Qd3 Rb7
28. b3 Rc8 29. Be1 Ra7 30. Qb5 Qc5 31. Qa4 Bh6 32. Kh1 Be3 33. a3 Qc6 34. Qxc6
Rxc6 35. b4 axb4 36. axb4 Kg7 37. Bd2 Bxd2 38. Rxd2 Kf6 39. g3 Rc4 40. Kg2 Rb7
41. Rdb2 Rb5 42. Kf2 e4 43. f4 Ke6 44. h4 Kd5 45. h5 gxh5 46. Rh1 Rcxb4 47.
Rxb4 Rxb4 48. Rxh5 Rb2+ 49. Ke1 e3 50. Rxf5+ Ke4 51. Re5+ Kd3 52. Kf1 Rb1+ 53.
Kg2 e2 54. Kf2 Rf1+ 0-1

[Event "Veletrzni turnaj 2020"]
[Site "Brno"]
[Date "2020.08.25"]
[Round "4.14"]
[White "Peska, Jan"]
[Black "Zeman, Arnost"]
[Result "1/2-1/2"]
[WhiteElo "1359"]
[BlackElo "1842"]
[PlyCount "43"]
[EventDate "2020.08.23"]

1. c4 Nf6 2. Nc3 e5 3. d3 d5 4. cxd5 Nxd5 5. Nf3 Nxc3 6. bxc3 Nc6 7. g3 Be7 8.
Bg2 O-O 9. O-O Rb8 10. Qc2 Bf5 11. e4 Be6 12. d4 exd4 13. Rd1 d3 14. Rxd3 Qc8
15. Nd4 Ne5 16. Rd1 Bc4 17. Nf5 Bc5 18. Be3 Ba3 19. Qa4 g6 20. Nh6+ Kg7 21.
Qxa3 Be2 22. Qc5 1/2-1/2

[Event "Veletrzni turnaj 2020"]
[Site "Brno"]
[Date "2020.08.25"]
[Round "4.15"]
[White "Tajovsky, Matej"]
[Black "Hayrumyan, Artur"]
[Result "1-0"]
[WhiteElo "1816"]
[BlackElo "1481"]
[PlyCount "43"]
[EventDate "2020.08.23"]

1. e4 e5 2. Nf3 Nf6 3. Nc3 Nc6 4. Bb5 d6 5. d4 exd4 6. Nxd4 Bd7 7. O-O Be7 8.
b3 Ne5 9. f4 Ng6 10. Bxd7+ Qxd7 11. Bb2 Ng4 12. Nf5 h5 13. Nxg7+ Kd8 14. Nd5
Rg8 15. h3 Nh6 16. Qxh5 Qb5 17. Qxh6 Rh8 18. Ne6+ Kd7 19. Bxh8 Rxh8 20. Qg7
fxe6 21. Nxe7 Qc5+ 22. Kh1 1-0

[Event "Veletrzni turnaj 2020"]
[Site "Brno"]
[Date "2020.08.25"]
[Round "4.16"]
[White "Pelikan, Jaromir"]
[Black "Lazniewski, Tadeusz"]
[Result "1-0"]
[WhiteElo "1788"]
[BlackElo "1392"]
[PlyCount "93"]
[EventDate "2020.08.23"]

1. d4 d5 2. Nf3 c6 3. c4 Nf6 4. g3 Bf5 5. Bg2 Nbd7 6. b3 e6 7. O-O Be7 8. Nc3
O-O 9. Bb2 Re8 10. h3 Bg6 11. Nh4 Nf8 12. Nxg6 Nxg6 13. cxd5 exd5 14. e3 Bb4
15. Ne2 Ne4 16. Bxe4 Rxe4 17. a3 Bd6 18. Nc3 Re8 19. a4 Qg5 20. Qg4 Qxg4 21.
hxg4 Bb4 22. Ne2 Re4 23. Ba3 Bxa3 24. Rxa3 Rxg4 25. Kh2 Re4 26. b4 h5 27. b5 h4
28. bxc6 bxc6 29. Rc3 Rc8 30. Rc5 hxg3+ 31. Kxg3 f5 32. Nc3 Rg4+ 33. Kf3 Ne7
34. Rb1 Kf8 35. Rb7 Ra8 36. Ra5 Nc8 37. Rc5 Ne7 38. a5 Rg6 39. Na4 Rf6 40. Rc1
Rf7 41. Nc5 Ng6 42. a6 Kg8 43. Ne6 Rxb7 44. axb7 Rb8 45. Nc5 Nf8 46. Rb1 Kf7
47. Na6 1-0

[Event "Veletrzni turnaj 2020"]
[Site "Brno"]
[Date "2020.08.25"]
[Round "4.18"]
[White "Marcik, Filip"]
[Black "Lisik, Miroslav"]
[Result "0-1"]
[WhiteElo "1264"]
[BlackElo "1687"]
[PlyCount "56"]
[EventDate "2020.08.23"]

1. d4 Nf6 2. c4 c5 3. dxc5 e6 4. Nc3 Bxc5 5. Bg5 Bxf2+ 6. Kd2 Nc6 7. Nf3 h6 8.
Bf4 Bc5 9. e4 Bb4 10. Bd3 d6 11. Qb3 e5 12. Be3 O-O 13. h3 Be6 14. g4 b5 15.
Ke2 Bxc3 16. bxc3 Nxe4 17. Bxe4 Bxc4+ 18. Qxc4 bxc4 19. Bxc6 Rc8 20. Bb7 Rb8
21. Rhb1 Qc7 22. Bd5 Rxb1 23. Rxb1 Rb8 24. Rxb8+ Qxb8 25. Bxc4 Qc7 26. Nd2 a5
27. Kd3 Qc6 28. Ke2 d5 0-1

[Event "Veletrzni turnaj 2020"]
[Site "Brno"]
[Date "2020.08.25"]
[Round "4.19"]
[White "Zikan, Karel"]
[Black "Saskova, Renata"]
[Result "1-0"]
[WhiteElo "1646"]
[BlackElo "1132"]
[PlyCount "79"]
[EventDate "2020.08.23"]

1. g3 e5 2. c4 Nf6 3. Bg2 Bc5 4. Nc3 O-O 5. Nf3 d6 6. d3 Nc6 7. O-O Re8 8. Na4
Bb6 9. Bd2 Bd7 10. b4 a6 11. Nxb6 cxb6 12. Qb3 Be6 13. Ng5 Qd7 14. Nxe6 Qxe6
15. e3 Rad8 16. b5 axb5 17. cxb5 Qxb3 18. axb3 Ne7 19. Bxb7 Ned5 20. Bc6 Re7
21. e4 Nc7 22. Ra7 h6 23. Rfa1 Rb8 24. Bb4 Nfe8 25. Bxe8 Rbxe8 26. Bxd6 Rd7 27.
Bxc7 Rxd3 28. Rb1 Re6 29. Ra6 Rd4 30. f3 Rd3 31. Kg2 Rd7 32. Bxb6 Rb7 33. Bf2
Re8 34. b6 g6 35. Ra7 Rbb8 36. b4 f5 37. Rd1 Kf8 38. Rdd7 Rec8 39. Bc5+ Ke8 40.
Rh7 1-0

[Event "Veletrzni turnaj 2020"]
[Site "Brno"]
[Date "2020.08.25"]
[Round "4.20"]
[White "Sauman, Petr"]
[Black "Doskar, Miloslav"]
[Result "0-1"]
[WhiteElo "1387"]
[BlackElo "1602"]
[PlyCount "43"]
[EventDate "2020.08.23"]

1. d4 d5 2. c4 c6 3. cxd5 cxd5 4. Nc3 Nf6 5. Nf3 e6 6. Bg5 Be7 7. Qc2 h6 8.
Bxf6 Bxf6 9. e3 a6 10. g3 Nc6 11. a3 Bd7 12. Bg2 Rc8 13. O-O O-O 14. Rac1 Na7
15. Qd2 Qa5 16. Rc2 Rc7 17. Rfc1 Rfc8 18. Qe2 Nb5 19. Nxb5 Bxb5 20. b4 Bxe2 21.
Rxc7 Qxc7 22. Rxc7 0-1

[Event "Veletrzni turnaj 2020"]
[Site "Brno"]
[Date "2020.08.25"]
[Round "4.21"]
[White "Lazniewska, Zofia"]
[Black "Nisztuk, Michal"]
[Result "1-0"]
[WhiteElo "1217"]
[BlackElo "1597"]
[PlyCount "119"]
[EventDate "2020.08.23"]

1. e4 e5 2. Nf3 Nf6 3. Nc3 Nc6 4. d4 exd4 5. Nxd4 d6 6. Bb5 Bd7 7. Nxc6 bxc6 8.
Bd3 Be7 9. O-O Bg4 10. Be2 Bxe2 11. Qxe2 O-O 12. Qf3 Nd7 13. b3 Bf6 14. Bb2 Re8
15. Rfe1 Rb8 16. Na4 Ne5 17. Qd1 c5 18. c4 Nc6 19. Bxf6 Qxf6 20. Qd3 Nb4 21.
Qd2 Rxe4 22. Nc3 Rd4 23. Qe2 h6 24. Ne4 Qg6 25. Rad1 Nc6 26. Rxd4 Nxd4 27. Qd1
Kf8 28. Nc3 c6 29. Kf1 Qf5 30. Ne2 Re8 31. Nxd4 Rxe1+ 32. Kxe1 cxd4 33. Qxd4
Qb1+ 34. Qd1 Qe4+ 35. Kf1 Qe5 36. h3 Qh2 37. Qg4 Qe5 38. Qd1 f5 39. Kg1 Kf7 40.
Qh5+ Kf6 41. Qh4+ Kg6 42. a4 Qe4 43. Qg3+ Kh5 44. Qxg7 Qe1+ 45. Kh2 Qe5+ 46.
Qg3 Qxg3+ 47. Kxg3 Kg5 48. h4+ Kf6 49. Kf4 Ke6 50. f3 a5 51. g4 fxg4 52. fxg4
d5 53. cxd5+ cxd5 54. g5 h5 55. Ke3 Kd6 56. Kd4 Ke6 57. b4 axb4 58. a5 b3 59.
Kc3 d4+ 60. Kxb3 1-0

[Event "Veletrzni turnaj 2020"]
[Site "Brno"]
[Date "2020.08.25"]
[Round "4.23"]
[White "Soucek, Andrej"]
[Black "Brychta, Jan"]
[Result "1/2-1/2"]
[WhiteElo "1098"]
[BlackElo "1490"]
[PlyCount "67"]
[EventDate "2020.08.23"]

1. e4 e6 2. d4 d5 3. exd5 exd5 4. Bd3 c5 5. c3 c4 6. Bc2 b5 7. a3 Be6 8. Bf4
Bd6 9. Ne2 Nf6 10. Nd2 O-O 11. O-O Re8 12. Be5 Bxe5 13. dxe5 Ng4 14. f4 Ne3 15.
Qb1 Bg4 16. Bxh7+ Kh8 17. Nd4 Nxf1 18. Kxf1 Qh4 19. Bf5 Bh5 20. g3 Qxh2 21. Qe1
g6 22. Bc2 Bg4 23. Qf2 Bh3+ 24. Ke1 Qh1+ 25. Nf1 Bxf1 26. Qxf1 Qh6 27. Nxb5 Re7
28. Nd6 Nc6 29. Ba4 Nxe5 30. fxe5 Rxe5+ 31. Kd1 Qh5+ 32. Kc1 Rb8 33. Bd1 Qh7
34. Qf6+ 1/2-1/2

[Event "Veletrzni turnaj 2020"]
[Site "Brno"]
[Date "2020.08.25"]
[Round "4.26"]
[White "Karafiat, Vojtech"]
[Black "Habinova, Alice"]
[Result "0-1"]
[WhiteElo "1179"]
[BlackElo "1431"]
[PlyCount "120"]
[EventDate "2020.08.23"]

1. d4 d5 2. Nc3 Nf6 3. Bf4 Bf5 4. f3 e6 5. g4 Bg6 6. h4 h6 7. e3 c5 8. Nb5 Na6
9. h5 Bh7 10. Bd3 Bxd3 11. Qxd3 Qa5+ 12. Nc3 Nb4 13. Qb5+ Qxb5 14. Nxb5 Nxc2+
15. Kd1 Nxa1 16. Nc7+ Kd7 17. Nxa8 Bd6 18. Bxd6 Kxd6 19. dxc5+ Kc6 20. Rh2 Rxa8
21. Kc1 Kxc5 22. Kb1 Kd6 23. Kxa1 Rc8 24. Ne2 Nd7 25. Kb1 Ne5 26. Nd4 a6 27.
Rg2 Nd3 28. Rg1 f6 29. a3 Ke7 30. Rd1 Ne5 31. Rg1 Kf7 32. f4 Nc4 33. Re1 Nd2+
34. Ka2 Ne4 35. Rf1 Rc4 36. Rd1 Nf2 37. Rg1 Nd3 38. Rd1 Nf2 39. Rg1 Nd3 40. Rf1
Rc5 41. Rd1 Rc4 42. Rf1 Nc5 43. Rd1 Nd7 44. Nf3 Rc2 45. Rd2 Rxd2 46. Nxd2 Nc5
47. Nf3 g6 48. Nh4 g5 49. fxg5 fxg5 50. Ng6 Kf6 51. Nf8 e5 52. Kb1 Ne4 53. Nd7+
Ke6 54. Nf8+ Kd6 55. Nh7 Ke7 56. Kc1 Kf7 57. Kd1 Kg7 58. Nxg5 Nxg5 59. Ke2 Kf6
60. Kf2 Ne4+ 0-1

[Event "Veletrzni turnaj 2020"]
[Site "Brno"]
[Date "2020.08.25"]
[Round "4.27"]
[White "Divis, Jan"]
[Black "Tajovsky, Simon"]
[Result "0-1"]
[WhiteElo "1431"]
[BlackElo "1624"]
[PlyCount "82"]
[EventDate "2020.08.23"]

1. d4 Nf6 2. Bf4 c5 3. e3 cxd4 4. exd4 d6 5. Nf3 g6 6. c3 Bg7 7. Nbd2 O-O 8.
Be2 Nc6 9. O-O Bf5 10. Nh4 Bd7 11. Nhf3 a6 12. Re1 b5 13. a3 Be6 14. h3 Nd5 15.
Bh2 Nb6 16. Bd3 Bh6 17. Rb1 Na4 18. Qc2 Qd7 19. b3 Nb6 20. Bg3 Rfc8 21. Qb2 Na5
22. Bh4 Nd5 23. Be4 Nc6 24. Bxd5 Bxd5 25. Ne4 Na5 26. Ned2 Re8 27. Bg5 Bg7 28.
Re3 Rac8 29. b4 Nc4 30. Nxc4 Rxc4 31. Nd2 Rc7 32. Rbe1 f6 33. Bf4 e5 34. dxe5
dxe5 35. Nb3 Rec8 36. Bh2 Bh6 37. Nc5 Qc6 38. f4 exf4 39. Re7 Rxe7 40. Rxe7 Bf8
41. Rd7 Bxc5+ 0-1

[Event "Veletrzni turnaj 2020"]
[Site "Brno"]
[Date "2020.08.25"]
[Round "4.29"]
[White "Komarek, Tobias"]
[Black "Zamarska, Dagmar"]
[Result "1/2-1/2"]
[WhiteElo "1222"]
[BlackElo "1524"]
[PlyCount "72"]
[EventDate "2020.08.23"]

1. e4 c5 2. Nf3 d6 3. d4 cxd4 4. Nxd4 Nc6 5. c4 Nf6 6. Nc3 e6 7. Be3 Be7 8. Be2
O-O 9. O-O Bd7 10. Qd2 b6 11. f3 Ne5 12. Rac1 Rc8 13. b3 a6 14. Rfd1 Ng6 15.
Kh1 a5 16. Qe1 Ra8 17. a4 Ne5 18. Qf2 Nc6 19. Nxc6 Bxc6 20. Bxb6 Qb8 21. Rb1
Ra6 22. Be3 Ra8 23. Bf4 e5 24. Be3 Bd8 25. c5 Be7 26. Nb5 d5 27. exd5 Nxd5 28.
Bd2 Rd8 29. Nc3 Nxc3 30. Bxc3 Rxd1+ 31. Bxd1 Bxa4 32. Qe3 Bf6 33. Bc2 Bc6 34.
Qd3 g6 35. Qe3 Qc7 36. Qe2 Qe7 1/2-1/2

[Event "Veletrzni turnaj 2020"]
[Site "Brno"]
[Date "2020.08.25"]
[Round "4.30"]
[White "Haupt, Jaromir"]
[Black "Tokabayev, Alibek"]
[Result "1-0"]
[WhiteElo "1719"]
[BlackElo "1896"]
[PlyCount "49"]
[EventDate "2020.08.23"]

1. c4 Nf6 2. Nc3 g6 3. e4 d6 4. Be2 Bg7 5. Nf3 e5 6. O-O O-O 7. d4 Nbd7 8. dxe5
dxe5 9. Qc2 c6 10. Rd1 Qe7 11. b3 Nh5 12. g3 f5 13. exf5 gxf5 14. Nh4 Nf4 15.
Nxf5 Nxe2+ 16. Nxe2 Qf6 17. g4 e4 18. Rb1 Ne5 19. Rd6 Qf7 20. Qxe4 Bxf5 21.
gxf5 Qh5 22. Ng3 Nf3+ 23. Kg2 Ng5 24. Bxg5 Qxg5 25. h4 1-0

[Event "Veletrzni turnaj 2020"]
[Site "Brno"]
[Date "2020.08.25"]
[Round "4.31"]
[White "Brda, Vlastimil"]
[Black "Daniel, Antonin"]
[Result "1/2-1/2"]
[WhiteElo "1211"]
[BlackElo "1379"]
[PlyCount "60"]
[EventDate "2020.08.23"]

1. e4 c5 2. c4 e5 3. Nc3 Nf6 4. d3 h6 5. Be3 b6 6. f3 Nc6 7. Nge2 d6 8. Bf2 Be7
9. Nd5 Nxd5 10. exd5 Nd4 11. Nxd4 exd4 12. Qe2 O-O 13. O-O-O Re8 14. Qc2 Bf5
15. h4 Bh7 16. g4 Qd7 17. Bh3 Qc7 18. Qd2 a6 19. g5 h5 20. f4 g6 21. Bg3 b5 22.
Qc2 bxc4 23. dxc4 Qa5 24. b3 Rab8 25. Bd7 Red8 26. Ba4 Kh8 27. Rhe1 Bf8 28. Rd3
Rb7 29. Rf1 Re7 30. Qd1 Bg7 1/2-1/2

[Event "Veletrzni turnaj 2020"]
[Site "Brno"]
[Date "2020.08.26"]
[Round "5.1"]
[White "Wunsch, Radek"]
[Black "Vyskocil, Neklan"]
[Result "0-1"]
[WhiteElo "1902"]
[BlackElo "2294"]
[PlyCount "114"]
[EventDate "2020.08.23"]

1. e4 c5 2. Nf3 Nc6 3. Bb5 g6 4. Bxc6 bxc6 5. O-O Bg7 6. Re1 Nh6 7. c3 O-O 8.
d4 cxd4 9. cxd4 d5 10. e5 Qb6 11. Nc3 Bg4 12. Na4 Qb5 13. b3 Nf5 14. Ba3 Rfe8
15. Rc1 Bxf3 16. gxf3 e6 17. Qd2 Bh6 18. f4 Qb8 19. Rxc6 Qd8 20. Rc3 Qh4 21.
Bc1 Kh8 22. Kh1 Rg8 23. Rg1 Rae8 24. Nc5 Re7 25. h3 Rge8 26. Rg4 Qh5 27. Ba3
Rg8 28. Bc1 Bg7 29. Ba3 Bh6 30. Bc1 Bg7 31. Ba3 f6 32. Kh2 fxe5 33. fxe5 Nxd4
34. Rxd4 Qxe5+ 35. f4 Qxd4 36. Rd3 Qf6 37. Rf3 Rf7 38. Nd3 Qf5 39. Bd6 g5 40.
Ne5 Rb7 41. Qe3 Qe4 42. fxg5 Qxe3 43. Rxe3 Rd8 44. Ba3 d4 45. Re1 Bxe5+ 46.
Rxe5 d3 47. Bb2 Kg8 48. Re1 Rc7 49. Bf6 d2 50. Bxd8 dxe1=Q 51. Bxc7 Qd2+ 52.
Kg3 Qc3+ 53. Kg4 Qxc7 54. h4 Qa5 55. a4 Qf5+ 56. Kh5 Kg7 57. b4 Qf3# 0-1

[Event "Veletrzni turnaj 2020"]
[Site "Brno"]
[Date "2020.08.26"]
[Round "5.3"]
[White "Stehlik, Jiri"]
[Black "Barak, David"]
[Result "1/2-1/2"]
[WhiteElo "1945"]
[BlackElo "2098"]
[PlyCount "71"]
[EventDate "2020.08.23"]

1. d4 Nf6 2. Nf3 c5 3. c3 e6 4. Bf4 d5 5. e3 Nc6 6. Nbd2 Bd6 7. Bg3 O-O 8. Ne5
Qc7 9. f4 Ne4 10. Nxe4 dxe4 11. Nxc6 Qxc6 12. Be2 b6 13. O-O Bb7 14. Qb3 Rac8
15. dxc5 Bxc5 16. Bf2 Rfd8 17. Rfd1 h6 18. Bb5 Qc7 19. Qc2 a6 20. Bf1 Be7 21.
Rxd8+ Rxd8 22. Rd1 Kf8 23. a4 Bf6 24. Be2 Ke8 25. Rxd8+ Qxd8 26. Kf1 Qd6 27.
Ke1 Kd7 28. Qd2 Ke7 29. Qxd6+ Kxd6 30. Kd2 a5 31. h4 Bc6 32. b3 Bd7 33. g4 Kc5
34. Bd1 g6 35. Kc2 Bc6 36. Be1 1/2-1/2

[Event "Veletrzni turnaj 2020"]
[Site "Brno"]
[Date "2020.08.26"]
[Round "5.4"]
[White "Meszaros, Ludek"]
[Black "Haupt, Jaromir"]
[Result "1-0"]
[WhiteElo "2067"]
[BlackElo "1719"]
[PlyCount "79"]
[EventDate "2020.08.23"]

1. Nf3 Nf6 2. d4 c5 3. d5 b5 4. a4 b4 5. c4 g6 6. b3 Bg7 7. Bb2 d6 8. Nbd2 O-O
9. g3 Ne8 10. Bxg7 Nxg7 11. Bg2 Nd7 12. O-O f5 13. e3 Nf6 14. Qc2 Rb8 15. Ng5
h6 16. Nh3 Qe8 17. Rae1 e5 18. dxe6 Nxe6 19. Nf4 Bb7 20. Nd5 Nxd5 21. cxd5 Ng5
22. f4 Nh7 23. e4 Qf7 24. Nc4 Rbd8 25. exf5 gxf5 26. Re6 Qg7 27. Qd3 Ba6 28.
Rfe1 Bxc4 29. Qxc4 Rf6 30. Qe2 Nf8 31. Re8 Rxe8 32. Qxe8 Qf7 33. Qd8 Qg7 34.
Bf3 Rf7 35. Re6 Rd7 36. Qe8 Kh7 37. Re2 Rb7 38. Qc8 Rd7 39. Re8 Kg8 40. Rxf8+
1-0

[Event "Veletrzni turnaj 2020"]
[Site "Brno"]
[Date "2020.08.26"]
[Round "5.5"]
[White "Vavrinkova, Anna"]
[Black "Pribyl, Rene"]
[Result "1-0"]
[WhiteElo "1657"]
[BlackElo "1950"]
[PlyCount "49"]
[EventDate "2020.08.23"]

1. e4 e5 2. Nf3 Nf6 3. Nxe5 d6 4. Nf3 Nxe4 5. d4 d5 6. Bd3 Be7 7. c4 c6 8. O-O
O-O 9. Re1 Nf6 10. h3 dxc4 11. Bxc4 Bf5 12. Nc3 Nbd7 13. Bf4 Nb6 14. Bb3 Bd6
15. Ne5 h6 16. Rc1 Rc8 17. Qf3 Bh7 18. Bg3 Bxe5 19. dxe5 Nfd7 20. Rcd1 Qe7 21.
e6 fxe6 22. Rxe6 Qc5 23. Rxc6+ Kh8 24. Rxc5 Rxf3 25. Rxc8+ 1-0

[Event "Veletrzni turnaj 2020"]
[Site "Brno"]
[Date "2020.08.26"]
[Round "5.6"]
[White "Mares, Jaroslav"]
[Black "Prokop, Jiri"]
[Result "1-0"]
[WhiteElo "1947"]
[BlackElo "1680"]
[PlyCount "105"]
[EventDate "2020.08.23"]

1. c4 f5 2. d4 e6 3. Nc3 Nf6 4. Nf3 d5 5. g3 c6 6. b3 Bb4 7. Bd2 O-O 8. Bg2 Bd6
9. O-O Ne4 10. Rc1 Nd7 11. e3 Ndf6 12. Be1 Nxc3 13. Bxc3 Ne4 14. Bb2 Qf6 15.
Ne5 Qe7 16. Rc2 Bd7 17. f3 Nf6 18. Nd3 Be8 19. f4 Bh5 20. Bf3 Bxf3 21. Qxf3 Ne4
22. Bc3 Nxc3 23. Rxc3 Bb4 24. Rc2 Bd6 25. c5 Bc7 26. b4 a6 27. a4 Rfc8 28. Rb1
Qd7 29. Rcb2 g6 30. Nf2 b5 31. cxb6 Bxb6 32. Nd3 Qe8 33. a5 Bc7 34. Rc2 Bd6 35.
Qe2 Rab8 36. Rcb2 Rb5 37. Nc1 Qe7 38. Na2 Rcb8 39. Qc2 Kf7 40. Qc3 Qb7 41. Rc1
Bxb4 42. Nxb4 Rxb4 43. Rxb4 Qxb4 44. Qxb4 Rxb4 45. Rxc6 Rb1+ 46. Kg2 Rb2+ 47.
Kf1 Rxh2 48. Rxa6 h6 49. Ra7+ Kf6 50. Ra8 Ra2 51. a6 Ke7 52. a7 Kf7 53. Rh8 1-0

[Event "Veletrzni turnaj 2020"]
[Site "Brno"]
[Date "2020.08.26"]
[Round "5.7"]
[White "Vaculik, Martin"]
[Black "Simbera, Jiri"]
[Result "1/2-1/2"]
[WhiteElo "1795"]
[BlackElo "2038"]
[PlyCount "52"]
[EventDate "2020.08.23"]

1. d4 Nf6 2. c4 e6 3. Nc3 Bb4 4. Nf3 O-O 5. g3 d5 6. Bg2 c5 7. O-O dxc4 8. dxc5
Nc6 9. Qxd8 Rxd8 10. Nd2 Na5 11. Nde4 Bxc3 12. Nxc3 Bd7 13. h3 h6 14. Rd1 Bc6
15. Be3 Bxg2 16. Kxg2 Nd5 17. Nxd5 Rxd5 18. Rxd5 exd5 19. Rd1 Rd8 20. Bf4 Rd7
21. Bd6 Nc6 22. Rxd5 b5 23. e4 f6 24. Bf4 Rd8 25. Rxd8+ Nxd8 26. e5 g5 1/2-1/2